000 00686 a2200205 4500
001 127714
020 _a9788573403718
040 _cEscola Canadense de Niteroi
090 _aDES-R2
245 1 0 _aO ratinho que adorava livros
260 _aSão Paulo
300 _bil.
_c0 x 20 x 0.1 cm
362 0 _a2004
490 0 _aConte um conto
520 _aO ratinho Ponto de Interrogação adora ler os livros da livraria onde mora. Os seus amiguinhos, ao contrário, vivem roendo todas as páginas que encontram. Mas eles acabam descobrindo que ler pode ser mais útil do que imaginam!
650 4 _aLiteratura Infantil
650 4 _aLeitura
650 4 _aLivros
942 _cBK
999 _c127714
_d127714